| 000 | 01012nam a2200229Ia 4500 | ||
|---|---|---|---|
| 003 | Ost | ||
| 005 | 20260507075640.0 | ||
| 008 | 260507s9999||||xx |||||||||||||| ||und|| | ||
| 040 | _cfsecg | ||
| 041 | _aara | ||
| 082 | _a658.57 | ||
| 100 |
_aعلي حسين، أحمد حسين _eمؤلف |
||
| 245 | 0 |
_aبحوث العمليات في المحاسبة : _bمدخل معاصر بإستخدام الحاسب الألي / _c أحمد حسين علي حسين |
|
| 260 |
_aالإسكندرية: _bالدار الجامعية, _c2002-2003 |
||
| 300 |
_a404 صفحة؛ _bإيضاحات ؛ _c24 سم |
||
| 520 | _aيتناول هذا الكتاب في طياته تحليل القرار أساليب البرمجة الخطية والعددية والأهداف ومجموعة من نماذج التحليل | ||
| 653 | _aالحاسب الآلي | ||
| 653 | _aالمحاسبة | ||
| 653 | _aبحوث العمليات | ||
| 700 |
_aالسوافري، فتحي رزقي _eمؤلف ثانوي |
||
| 942 | _cكتاب | ||
| 999 |
_c45384 _d45384 |
||